00478 2200193 4500001002100000005001500021035002000036008004100056245006200097100001500159250000600174260003400180300001000214084001400224082000800238650001400246990001200260990001200272INLIS00000000000011420240502104903 a0010-0424000090240502 0 ind 1 aBelajar Kepada Mereka Yang Pantang Menyerah /cA. Ruhimat aA. Ruhimat a1 aSolo :bTiga Serangkai,c2009 a50hlm a300 RUH b a300 4aNon Fiksi a0732523 a0732524